Roboty a robotizované výrobní technologie /

Gespeichert in:
Bibliographische Detailangaben
1. Verfasser: Kolíbal, Zdeněk a kolektív (Verfasst von)
Format: Buch
Sprache:Tschechisch
Veröffentlicht: Brno : Nakladatelství VUTIUM, 2016
Ausgabe:1. vydanie
Tags: Tag hinzufügen
Keine Tags, Fügen Sie das erste Tag hinzu!

MARC

LEADER 00000nam a22000003a 4500
001 0071935
003 SK-STU
005 20190225111223.6
007 ta
008 190225s ----xo-----e------000-0-----d
020 |a 978-80-214-4828-5 
040 |a STU  |b slo 
041 0 |a cze 
044 |a xr 
080 |a 681.36 
100 1 |a Kolíbal, Zdeněk a kolektív  |4 aut 
245 1 0 |a Roboty a robotizované výrobní technologie /  |c aut. Zdeněk a kolektív Kolíbal 
250 |a 1. vydanie 
260 |a Brno :  |b Nakladatelství VUTIUM,  |c 2016 
300 |a 787 s. 
996 |b 284EK90002  |c E* 90002  |l EE31  |s P  |a 0  |w 0071935_0001